000 00393pab a2200169 454500
008 180718b1997 xxu||||| |||| 00| 0 eng d
100 _aHingorani, N.H.
245 _aJudicial activism
260 _c1997
300 _ap.8; 10 Jan 1997, p.8
362 _a9 Jan
650 _aJudges - India
650 _aJudiciary - India
650 _aJudiciary
773 _aStatesman
909 _a34367
999 _c34367
_d34367